Statistics for Countries recognized by Russia

Click here to take the quiz!

General Stats

  • This quiz has been taken 13 times
  • The average score is 143 of 191

Answers on the Map

Answers color-coded by a green-red scale on the quiz's map according to % correct below.
 

Answer Stats

Country% Correct
United Kingdom
100%
Belarus
91%
China
91%
Israel
91%
North Korea
91%
Serbia
91%
South Korea
91%
Afghanistan
82%
Albania
82%
Algeria
82%
Argentina
82%
Armenia
82%
Australia
82%
Austria
82%
Azerbaijan
82%
Belize
82%
Bolivia
82%
Bosnia and Herzegovina
82%
Brazil
82%
Bulgaria
82%
Canada
82%
Chad
82%
Chile
82%
Colombia
82%
Croatia
82%
Czech Republic
82%
Dem. Rep. of the Congo
82%
Djibouti
82%
Ecuador
82%
Egypt
82%
Eritrea
82%
Estonia
82%
Ethiopia
82%
Finland
82%
France
82%
Germany
82%
Ghana
82%
Greece
82%
Hungary
82%
Iceland
82%
India
82%
Indonesia
82%
Iran
82%
Iraq
82%
Italy
82%
Ivory Coast
82%
Japan
82%
Jordan
82%
Kazakhstan
82%
Kenya
82%
Laos
82%
Latvia
82%
Lebanon
82%
Liberia
82%
Libya
82%
Lithuania
82%
Malaysia
82%
Mauritania
82%
Mexico
82%
Mongolia
82%
Morocco
82%
Myanmar
82%
Nepal
82%
Nicaragua
82%
Niger
82%
Nigeria
82%
Norway
82%
Pakistan
82%
Panama
82%
Peru
82%
Poland
82%
Portugal
82%
Republic of the Congo
82%
Romania
82%
Russia
82%
Saudi Arabia
82%
Senegal
82%
Slovakia
82%
Slovenia
82%
South Africa
82%
South Sudan
82%
Spain
82%
Sudan
82%
Sweden
82%
Switzerland
82%
Syria
82%
Tajikistan
82%
Thailand
82%
Tunisia
82%
Turkey
82%
United States
82%
Uruguay
82%
Venezuela
82%
Vietnam
82%
Andorra
73%
Angola
73%
Bahrain
73%
Bangladesh
73%
Belgium
73%
Benin
73%
Botswana
73%
Burkina Faso
73%
Burundi
73%
Cambodia
73%
Cameroon
73%
Central African Republic
73%
Costa Rica
73%
Cuba
73%
Denmark
73%
East Timor
73%
Eswatini
73%
Fiji
73%
Gabon
73%
Guatemala
73%
Guinea
73%
Guinea Bissau
73%
Guyana
73%
Honduras
73%
Ireland
73%
Jamaica
73%
Kiribati
73%
Lesotho
73%
Luxembourg
73%
Madagascar
73%
Malawi
73%
Mali
73%
Moldova
73%
Montenegro
73%
Mozambique
73%
Namibia
73%
Netherlands
73%
New Zealand
73%
North Macedonia
73%
Oman
73%
Paraguay
73%
Qatar
73%
Rwanda
73%
Seychelles
73%
Sierra Leone
73%
Somalia
73%
Sri Lanka
73%
Suriname
73%
Tanzania
73%
Togo
73%
Turkmenistan
73%
Tuvalu
73%
Uganda
73%
United Arab Emirates
73%
Uzbekistan
73%
Vatican City
73%
Yemen
73%
Zambia
73%
Zimbabwe
73%
Antigua and Barbuda
64%
Bahamas
64%
Brunei
64%
Dominica
64%
Dominican Republic
64%
El Salvador
64%
Equatorial Guinea
64%
Gambia
64%
Grenada
64%
Haiti
64%
Kuwait
64%
Liechtenstein
64%
Maldives
64%
Malta
64%
Marshall Islands
64%
Palau
64%
Papua New Guinea
64%
Philippines
64%
San Marino
64%
São Tomé and Príncipe
64%
Singapore
64%
St. Kitts and Nevis
64%
St. Lucia
64%
St. Vincent and Grenadines
64%
Trinidad and Tobago
64%
Vanuatu
64%
Cape Verde
55%
Comoros
55%
Cyprus
55%
Kyrgyzstan
55%
Mauritius
55%
Nauru
55%
Samoa
55%
South Ossetia
55%
Tonga
55%
Abkhazia
45%
Barbados
45%
Monaco
45%

Score Distribution

Percentile by Number Answered

Percent of People with Each Score

Your Score History

You have not taken this quiz